000 00534nam a22001817a 4500
999 _c172589
_d172589
005 20200207141550.0
010 _aA-688392
035 _aA-688392
037 _bBPPD/Pub.
082 _a842
100 _aوزیر آغا
245 _aدستک اس دروازے پر /
_cوزیر آغا
246 _aDastak Uss Darwaze Par (Urdu) /
_bby Wazir Aagha
260 _aNew Delhi
_bMaktaba Jamia
_c1993 ء
270 _aJamia Nagar
_bNew Delhi
_e110025
300 _a184p.
_c21cm(Hb)
942 _2ddc
_cUR
_h842
_mو ز ی